000 00249nam a2200097Ia 4500
001 768055
005 20250826165411.0
008 250824s9999 xx 000 0 und d
245 0 _aİÇİMİZDEKİ BİZ
_cDOĞAN CÜCELOĞLU
260 _bREMZİ KİTABEVİ
999 _c768055
_d768055